000 00312nam a22001337a 4500
999 _c13523
_d13523
020 _a9780470851166
082 _a372.41
_bWIL
100 _aArnold Wilkins
245 _aReading through colour
260 _aEngland
_bWiley
_c2003
300 _axv, 156 pages
650 _aReading, colour, Education
942 _cBK